Países da África em ordem alfabética - Statistics

Estatísticas Gerais
  • Esse quiz foi jogado 130 vezes
  • A pontuação média é 38 de 54
Estatísticas das Respostas
Resposta % Correto
África do Sul
99%
Argélia
98%
Angola
94%
Botsuana
79%
Burkina Faso
78%
Benin
76%
Camarões
76%
Burundi
74%
Cabo Verde
74%
Comores
74%
Eritreia
73%
Etiópia
73%
Gana
73%
Guiné
73%
Guiné-Bissau
73%
Guiné Equatorial
73%
Chade
71%
Djibouti
71%
Gâmbia
71%
Líbia
71%
Zâmbia
71%
Zimbábue
71%
Costa do Marfim
70%
Egito
70%
Gabão
70%
Essuatíni
69%
Lesoto
69%
Malawi
69%
Mali
69%
Marrocos
69%
Mauritânia
69%
República Democrática do Congo
69%
Madagascar
68%
Maurícia
68%
Níger
68%
Nigéria
68%
Quênia
68%
República Centro-Africana
68%
Ruanda
68%
Somália
68%
Sudão
68%
Sudão do Sul
68%
Libéria
66%
Moçambique
66%
Namíbia
66%
Tanzânia
66%
Togo
66%
Senegal
65%
Serra Leoa
65%
Tunísia
65%
Seychelles
64%
Uganda
64%
República do Congo
63%
São Tomé e Príncipe
63%
Nenhum quiz correspondente encontrado
Distribuição das Pontuações
Porcentagem de Pessoas com Cada Pontuação
Percentil de Números Respondidos
Sua Pontuação Histórica
Você não jogou esse quiz